|
|
|
|
| LEADER |
00606cam a2200205ua 4500 |
| 020 |
|
|
|a 0-7619-3381-6
|
| 082 |
|
|
|a 306.095 4
|b CUL
|
| 245 |
0 |
0 |
|a Culture and the making of identity in contemporary India
|
| 260 |
|
|
|a New Delhi
|b Sage
|c 2005
|
| 300 |
|
|
|a 274p.
|
| 500 |
|
|
|a Includes index.
|
| 650 |
|
|
|a India
|
| 650 |
0 |
|
|a Feminism
|
| 650 |
0 |
|
|a Historiography
|
| 650 |
0 |
|
|a Science-Study and teaching
|
| 700 |
|
|
|a Kamala Mukherjee
|
| 700 |
|
|
|a Usha Thakkar
|
| 942 |
|
|
|c BK
|
| 999 |
|
|
|c 16259
|d 16259
|
| 952 |
|
|
|0 0
|1 0
|4 0
|6 306_095400000000000_CUL
|7 0
|9 16952
|a KUCL
|b KUCL
|d 2014-05-23
|l 0
|o 306.0954 CUL
|p 18238
|r 2014-05-23
|y BK
|